[Event "Russian Blitz Team Championship (m)"]
[Site "Sochi"]
[Date "2022.10.17"]
[Round "4.14"]
[White "Lesovoi, Evgenij"]
[Black "Smirnov, Pavel"]
[Result "0-1"]
[BlackElo "2467"]
[WhiteElo "2339"]
[LiveChessVersion "1.4.8"]

1. d4 {[%clk 0:03:02]} Nf6 {[%clk 0:03:04]} 2. c4 {[%clk 0:03:02]} e6
{[%clk 0:03:05]} 3. Nc3 {[%clk 0:03:03]} Bb4 {[%clk 0:03:05]} 4. e3
{[%clk 0:03:04]} O-O {[%clk 0:03:06]} 5. Bd3 {[%clk 0:03:05]} d5 {[%clk 0:03:06]}
6. Nf3 {[%clk 0:03:05]} dxc4 {[%clk 0:03:04]} 7. Bxc4 {[%clk 0:03:06]} c5
{[%clk 0:03:04]} 8. O-O {[%clk 0:03:04]} cxd4 {[%clk 0:03:05]} 9. exd4
{[%clk 0:03:05]} b6 {[%clk 0:03:06]} 10. Bg5 {[%clk 0:03:04]} Bb7
{[%clk 0:03:06]} 11. Ne5 {[%clk 0:02:56]} Nbd7 {[%clk 0:03:06]} 12. Qe2
{[%clk 0:02:52]} Bxc3 {[%clk 0:03:02]} 13. bxc3 {[%clk 0:02:51]} Qc7
{[%clk 0:03:03]} 14. Nxd7 {[%clk 0:02:35]} Nxd7 {[%clk 0:03:03]} 15. Rac1
{[%clk 0:02:35]} a6 {[%clk 0:02:06]} 16. Bd3 {[%clk 0:02:21]} b5 {[%clk 0:02:07]}
17. Qh5 {[%clk 0:02:08]} g6 {[%clk 0:02:02]} 18. Qg4 {[%clk 0:01:56]} Bd5
{[%clk 0:02:01]} 19. Bb1 {[%clk 0:01:44]} Rfe8 {[%clk 0:01:51]} 20. h4
{[%clk 0:01:39]} f5 {[%clk 0:01:46]} 21. Qh3 {[%clk 0:01:31]} e5 {[%clk 0:01:40]}
22. h5 {[%clk 0:01:23]} e4 {[%clk 0:01:41]} 23. Rfe1 {[%clk 0:01:02]} Qd6
{[%clk 0:01:37]} 24. hxg6 {[%clk 0:00:51]} hxg6 {[%clk 0:01:27]} 25. Qh6
{[%clk 0:00:49]} Ra7 {[%clk 0:01:24]} 26. f3 {[%clk 0:00:40]} Nf8
{[%clk 0:01:21]} 27. Bf4 {[%clk 0:00:40]} Qc6 {[%clk 0:01:17]} 28. fxe4
{[%clk 0:00:30]} fxe4 {[%clk 0:01:08]} 29. a4 {[%clk 0:00:27]} Rh7
{[%clk 0:01:06]} 30. Qg5 {[%clk 0:00:28]} Rh5 {[%clk 0:01:03]} 31. Qg3
{[%clk 0:00:29]} Re7 {[%clk 0:01:03]} 32. axb5 {[%clk 0:00:27]} axb5
{[%clk 0:01:04]} 33. Be5 {[%clk 0:00:18]} Reh7 {[%clk 0:01:05]} 34. Rf1
{[%clk 0:00:08]} e3 {[%clk 0:00:26]} 35. Rxf8+ {[%clk 0:00:04]} Kxf8
{[%clk 0:00:27]} 36. Qxe3 {[%clk 0:00:04]} Rh1+ {[%clk 0:00:26]} 37. Kf2
{[%clk 0:00:06]} Rf7+ 38. Kg3 Rh5 {[%clk 0:00:17]} 39. Re1 {[%clk 0:00:05]} Bxg2
{[%clk 0:00:17]} 40. d5 {[%clk 0:00:05]} Qxd5 {[%clk 0:00:16]} 41. Bf4
{[%clk 0:00:04]} Rh3+ {[%clk 0:00:14]} 0-1

[Event "Russian Blitz Team Championship (m)"]
[Site "Sochi"]
[Date "2022.10.17"]
[Round "4.15"]
[White "Petrov, Nikita"]
[Black "Palchun, Grigory"]
[Result "1-0"]
[BlackElo "2216"]
[WhiteElo "2528"]
[LiveChessVersion "1.4.8"]

1. d4 {[%clk 0:03:02]} Nf6 {[%clk 0:03:04]} 2. Bg5 {[%clk 0:03:03]} e6
{[%clk 0:03:05]} 3. e4 {[%clk 0:03:04]} h6 {[%clk 0:03:06]} 4. Bxf6
{[%clk 0:03:04]} Qxf6 {[%clk 0:03:07]} 5. c3 {[%clk 0:03:05]} d6 {[%clk 0:03:06]}
6. Bd3 {[%clk 0:03:05]} g6 {[%clk 0:03:06]} 7. Ne2 {[%clk 0:03:05]} Bg7
{[%clk 0:03:08]} 8. O-O {[%clk 0:03:05]} O-O {[%clk 0:03:08]} 9. f4
{[%clk 0:03:06]} Qe7 {[%clk 0:02:59]} 10. Nd2 {[%clk 0:02:55]} c5
{[%clk 0:02:59]} 11. dxc5 {[%clk 0:02:46]} dxc5 {[%clk 0:03:00]} 12. e5
{[%clk 0:02:46]} Rd8 {[%clk 0:02:52]} 13. Be4 {[%clk 0:02:36]} Nd7
{[%clk 0:01:59]} 14. Qc2 {[%clk 0:02:24]} Nb6 {[%clk 0:01:54]} 15. c4
{[%clk 0:02:16]} Rb8 {[%clk 0:01:51]} 16. Nf3 {[%clk 0:02:11]} Bd7
{[%clk 0:01:49]} 17. b3 {[%clk 0:02:12]} Qe8 {[%clk 0:01:40]} 18. Nc3
{[%clk 0:02:07]} Bc6 {[%clk 0:01:25]} 19. Rad1 {[%clk 0:02:07]} Bf8
{[%clk 0:00:57]} 20. a4 {[%clk 0:01:57]} Be7 {[%clk 0:00:46]} 21. Nb5
{[%clk 0:01:37]} a6 {[%clk 0:00:42]} 22. Nc7 {[%clk 0:01:05]} Bxe4
{[%clk 0:00:28]} 23. Qxe4 {[%clk 0:01:06]} Rdc8 {[%clk 0:00:27]} 24. Nxe8 1-0

[Event "Russian Blitz Team Championship (m)"]
[Site "Sochi"]
[Date "2022.10.17"]
[Round "4.16"]
[White "Babanin, Gleb"]
[Black "Makarian, Rudik"]
[Result "0-1"]
[BlackElo "2405"]
[WhiteElo "2346"]
[LiveChessVersion "1.4.8"]

1. d4 {[%clk 0:03:03]} Nf6 {[%clk 0:03:03]} 2. c4 {[%clk 0:03:04]} e6
{[%clk 0:03:01]} 3. Nc3 {[%clk 0:03:03]} Bb4 {[%clk 0:03:00]} 4. Qc2
{[%clk 0:03:04]} d5 {[%clk 0:03:01]} 5. cxd5 {[%clk 0:03:04]} exd5
{[%clk 0:03:01]} 6. Bg5 {[%clk 0:03:02]} h6 {[%clk 0:03:02]} 7. Bh4
{[%clk 0:03:03]} g5 {[%clk 0:03:03]} 8. Bg3 {[%clk 0:03:04]} h5 {[%clk 0:03:04]}
9. e3 {[%clk 0:02:32]} h4 {[%clk 0:03:05]} 10. Be5 {[%clk 0:02:32]} Nbd7
{[%clk 0:03:05]} 11. Bxf6 {[%clk 0:02:23]} Qxf6 {[%clk 0:02:57]} 12. Bd3
{[%clk 0:02:17]} c6 {[%clk 0:02:56]} 13. a3 {[%clk 0:01:54]} Bxc3+
{[%clk 0:02:54]} 14. bxc3 {[%clk 0:01:47]} Nb6 {[%clk 0:02:54]} 15. Nf3
{[%clk 0:01:47]} h3 {[%clk 0:02:55]} 16. Ne5 {[%clk 0:01:38]} hxg2
{[%clk 0:02:55]} 17. Rg1 {[%clk 0:01:39]} Rxh2 {[%clk 0:02:53]} 18. O-O-O
{[%clk 0:01:37]} Be6 {[%clk 0:02:38]} 19. f3 {[%clk 0:01:27]} Qe7
{[%clk 0:02:39]} 20. Kb2 {[%clk 0:01:20]} O-O-O {[%clk 0:02:33]} 21. Rxg2
{[%clk 0:01:21]} Rxg2 {[%clk 0:02:30]} 22. Qxg2 {[%clk 0:01:22]} f6
{[%clk 0:02:21]} 23. Ng6 {[%clk 0:01:11]} Qc7 {[%clk 0:02:18]} 24. Ka2
{[%clk 0:00:59]} c5 {[%clk 0:02:14]} 25. f4 {[%clk 0:00:56]} Na4 {[%clk 0:01:49]}
26. Qc2 {[%clk 0:00:53]} Qa5 {[%clk 0:01:49]} 27. Rc1 {[%clk 0:00:51]} Kb8
{[%clk 0:01:23]} 28. f5 {[%clk 0:00:26]} Bd7 {[%clk 0:01:15]} 29. c4
{[%clk 0:00:20]} cxd4 {[%clk 0:01:10]} 30. exd4 {[%clk 0:00:21]} dxc4
{[%clk 0:01:09]} 31. Bxc4 {[%clk 0:00:12]} Bxf5 {[%clk 0:01:08]} 32. Qh2+
{[%clk 0:00:13]} Ka8 {[%clk 0:01:09]} 33. Ne7 {[%clk 0:00:11]} Be4
{[%clk 0:00:57]} 34. Bb3 {[%clk 0:00:09]} Nc3+ {[%clk 0:00:56]} 35. Kb2
{[%clk 0:00:10]} Nb5 {[%clk 0:00:57]} 36. a4 {[%clk 0:00:07]} Nxd4
{[%clk 0:00:51]} 37. Rc3 {[%clk 0:00:03]} Nxb3 {[%clk 0:00:48]} 38. Kxb3
{[%clk 0:00:04]} Qb6+ {[%clk 0:00:42]} 39. Ka3 {[%clk 0:00:04]} a5
{[%clk 0:00:39]} 40. Qc7 {[%clk 0:00:04]} Qb4+ {[%clk 0:00:39]} 41. Ka2
{[%clk 0:00:05]} Rd2+ {[%clk 0:00:40]} 0-1

[Event "Russian Blitz Team Championship (m)"]
[Site "Sochi"]
[Date "2022.10.17"]
[Round "5.1"]
[White "Chigaev, Maksim"]
[Black "Afanasiev, Nikita"]
[Result "0-1"]
[BlackElo "2541"]
[WhiteElo "2537"]
[LiveChessVersion "1.4.8"]

1. Nf3 {[%clk 0:03:02]} Nf6 {[%clk 0:03:02]} 2. c4 {[%clk 0:03:02]} g6
{[%clk 0:03:03]} 3. Nc3 {[%clk 0:03:03]} d5 {[%clk 0:03:04]} 4. cxd5
{[%clk 0:03:02]} Nxd5 {[%clk 0:03:05]} 5. e4 {[%clk 0:02:37]} Nxc3
{[%clk 0:03:06]} 6. dxc3 {[%clk 0:02:38]} Qxd1+ {[%clk 0:02:57]} 7. Kxd1
{[%clk 0:02:38]} Nd7 {[%clk 0:02:53]} 8. Bf4 {[%clk 0:02:26]} c6 {[%clk 0:02:53]}
9. Kc2 {[%clk 0:02:27]} f6 {[%clk 0:02:54]} 10. e5 {[%clk 0:02:02]} g5
{[%clk 0:02:56]} 11. Bg3 {[%clk 0:02:03]} g4 {[%clk 0:02:56]} 12. Nd2
{[%clk 0:02:04]} Nxe5 {[%clk 0:02:56]} 13. Bxe5 {[%clk 0:02:05]} fxe5
{[%clk 0:02:57]} 14. Bd3 {[%clk 0:01:57]} Bg7 {[%clk 0:02:52]} 15. Rae1
{[%clk 0:01:49]} Be6 {[%clk 0:02:45]} 16. Nc4 {[%clk 0:01:14]} O-O
{[%clk 0:02:23]} 17. Rhf1 {[%clk 0:01:15]} Bd5 {[%clk 0:02:14]} 18. Ne3
{[%clk 0:00:48]} h5 {[%clk 0:02:00]} 19. Bg6 {[%clk 0:00:38]} Bf7
{[%clk 0:02:01]} 20. Be4 {[%clk 0:00:35]} Be6 {[%clk 0:01:52]} 21. Bg6
{[%clk 0:00:15]} Bf7 {[%clk 0:00:39]} 22. Be4 {[%clk 0:00:16]} Rad8
{[%clk 0:00:32]} 23. f3 {[%clk 0:00:05]} gxf3 {[%clk 0:00:32]} 24. Rxf3
{[%clk 0:00:05]} Be6 {[%clk 0:00:27]} 25. Nf5 {[%clk 0:00:03]} Bf6
{[%clk 0:00:18]} 26. Ref1 {[%clk 0:00:04]} h4 {[%clk 0:00:10]} 27. g3
{[%clk 0:00:05]} h3 {[%clk 0:00:07]} 28. g4 {[%clk 0:00:06]} Bg5 {[%clk 0:00:09]}
29. R1f2 {[%clk 0:00:05]} Bd5 {[%clk 0:00:09]} 30. Bxd5+ {[%clk 0:00:05]} cxd5
31. Rxh3 {[%clk 0:00:06]} e6 {[%clk 0:00:07]} 32. Rh5 {[%clk 0:00:07]} Bf4
{[%clk 0:00:05]} 33. Nh4 {[%clk 0:00:04]} Kg7 {[%clk 0:00:05]} 34. Re2
{[%clk 0:00:03]} Rh8 {[%clk 0:00:06]} 35. Rxh8 0-1

[Event "Russian Blitz Team Championship (m)"]
[Site "Sochi"]
[Date "2022.10.17"]
[Round "5.2"]
[White "Tsydypov, Zhamsaran"]
[Black "Tomashevsky, Evgeny"]
[Result "0-1"]
[BlackElo "2695"]
[WhiteElo "2598"]
[LiveChessVersion "1.4.8"]

1. Nf3 {[%clk 0:03:01]} d5 {[%clk 0:03:03]} 2. g3 {[%clk 0:03:02]} g6
{[%clk 0:03:03]} 3. Bg2 {[%clk 0:03:02]} Bg7 {[%clk 0:03:04]} 4. O-O
{[%clk 0:03:02]} e5 {[%clk 0:03:04]} 5. d3 {[%clk 0:03:02]} Nc6 {[%clk 0:03:04]}
6. Nbd2 {[%clk 0:03:03]} Nf6 {[%clk 0:03:02]} 7. e4 O-O 8. a3 {[%clk 0:03:02]}
Re8 {[%clk 0:03:01]} 9. b4 {[%clk 0:02:59]} dxe4 {[%clk 0:02:54]} 10. dxe4
{[%clk 0:03:00]} a5 {[%clk 0:02:55]} 11. b5 {[%clk 0:02:55]} Nd4 {[%clk 0:02:56]}
12. Nxd4 {[%clk 0:02:07]} Qxd4 {[%clk 0:02:51]} 13. Rb1 {[%clk 0:02:08]} Bg4
{[%clk 0:02:46]} 14. Bf3 {[%clk 0:02:05]} Bxf3 {[%clk 0:02:34]} 15. Qxf3
{[%clk 0:02:06]} Rad8 {[%clk 0:02:27]} 16. Re1 {[%clk 0:02:06]} Qc5
{[%clk 0:02:26]} 17. Qb3 {[%clk 0:01:52]} Bh6 {[%clk 0:02:09]} 18. Nf3
{[%clk 0:01:47]} Bxc1 {[%clk 0:02:04]} 19. Rbxc1 {[%clk 0:01:47]} Kg7
{[%clk 0:02:03]} 20. Kg2 {[%clk 0:01:46]} h6 {[%clk 0:01:59]} 21. Re3
{[%clk 0:01:41]} Ng4 {[%clk 0:01:50]} 22. Re2 {[%clk 0:01:42]} b6
{[%clk 0:01:33]} 23. h3 {[%clk 0:01:32]} Nf6 {[%clk 0:01:33]} 24. Re3
{[%clk 0:01:33]} Rd7 {[%clk 0:01:33]} 25. Rce1 {[%clk 0:01:28]} Qe7
{[%clk 0:01:20]} 26. Rc3 {[%clk 0:01:27]} Rd6 {[%clk 0:01:05]} 27. Rc4
{[%clk 0:01:25]} Qd7 {[%clk 0:00:58]} 28. a4 {[%clk 0:01:24]} c5 {[%clk 0:00:56]}
29. Qb2 {[%clk 0:00:59]} Qe6 {[%clk 0:00:56]} 30. Rc3 {[%clk 0:00:59]} Nd7
{[%clk 0:00:49]} 31. Rce3 {[%clk 0:01:00]} c4 {[%clk 0:00:48]} 32. Rc3
{[%clk 0:00:57]} Rc8 {[%clk 0:00:41]} 33. Qa1 {[%clk 0:00:58]} Rc5
{[%clk 0:00:35]} 34. Rce3 {[%clk 0:00:57]} Rc7 {[%clk 0:00:34]} 35. Qc3
{[%clk 0:00:57]} Qe7 {[%clk 0:00:28]} 36. R3e2 {[%clk 0:00:58]} Re6
{[%clk 0:00:23]} 37. Rd1 {[%clk 0:00:57]} Nc5 {[%clk 0:00:24]} 38. Qa1
{[%clk 0:00:57]} Rd7 {[%clk 0:00:24]} 39. Rd5 {[%clk 0:00:57]} Qf6
{[%clk 0:00:18]} 40. Nxe5 {[%clk 0:00:51]} Rde7 {[%clk 0:00:12]} 41. f4
{[%clk 0:00:52]} g5 {[%clk 0:00:13]} 42. Qd4 {[%clk 0:00:37]} gxf4
{[%clk 0:00:12]} 43. gxf4 {[%clk 0:00:38]} Kh7 {[%clk 0:00:09]} 44. Rf2
{[%clk 0:00:32]} Re8 {[%clk 0:00:11]} 45. Qxc4 {[%clk 0:00:28]} Rg8+
{[%clk 0:00:11]} 46. Kf1 {[%clk 0:00:29]} Qh4 {[%clk 0:00:09]} 47. Ke2
{[%clk 0:00:17]} Qxh3 {[%clk 0:00:09]} 48. Qd4 {[%clk 0:00:14]} Qh1
{[%clk 0:00:08]} 49. f5 {[%clk 0:00:13]} Re7 {[%clk 0:00:07]} 50. f6
{[%clk 0:00:14]} Re6 {[%clk 0:00:08]} 51. Qe3 {[%clk 0:00:05]} Rg1
{[%clk 0:00:09]} 52. Nd3 {[%clk 0:00:04]} Rxe4 {[%clk 0:00:08]} 0-1

[Event "Russian Blitz Team Championship (m)"]
[Site "Sochi"]
[Date "2022.10.17"]
[Round "5.3"]
[White "Drygalov, Andrey"]
[Black "Moiseenko, Vadim"]
[Result "0-1"]
[BlackElo "2492"]
[WhiteElo "2498"]
[LiveChessVersion "1.4.8"]

1. e4 {[%clk 0:03:03]} e5 {[%clk 0:03:04]} 2. Nf3 {[%clk 0:03:04]} Nc6
{[%clk 0:03:05]} 3. Bc4 {[%clk 0:03:05]} Nf6 {[%clk 0:03:05]} 4. d3
{[%clk 0:03:06]} Bc5 {[%clk 0:03:05]} 5. O-O {[%clk 0:03:06]} d6 {[%clk 0:03:06]}
6. c3 {[%clk 0:03:07]} a6 {[%clk 0:03:07]} 7. a4 {[%clk 0:03:08]} Ba7
{[%clk 0:03:05]} 8. Re1 {[%clk 0:03:08]} Qe7 {[%clk 0:03:06]} 9. Nbd2
{[%clk 0:02:59]} Ng4 {[%clk 0:03:02]} 10. Re2 {[%clk 0:02:52]} f5
{[%clk 0:02:50]} 11. exf5 {[%clk 0:02:29]} Bxf5 {[%clk 0:02:50]} 12. Ne4
{[%clk 0:01:47]} Rf8 {[%clk 0:02:48]} 13. b4 {[%clk 0:01:32]} h6 {[%clk 0:01:55]}
14. d4 {[%clk 0:01:20]} O-O-O {[%clk 0:01:51]} 15. b5 {[%clk 0:01:04]} Na5
{[%clk 0:01:44]} 16. Bd5 {[%clk 0:01:04]} c6 {[%clk 0:01:02]} 17. bxc6
{[%clk 0:01:01]} bxc6 {[%clk 0:01:04]} 18. Ba2 {[%clk 0:01:01]} d5
{[%clk 0:00:49]} 19. Ng3 {[%clk 0:00:42]} e4 {[%clk 0:00:51]} 20. h3
{[%clk 0:00:28]} Nxf2 {[%clk 0:00:37]} 21. Rxf2 {[%clk 0:00:16]} exf3
{[%clk 0:00:38]} 22. Rxf3 {[%clk 0:00:17]} Bh7 {[%clk 0:00:30]} 23. Bf4
{[%clk 0:00:17]} Rde8 {[%clk 0:00:22]} 24. Qf1 {[%clk 0:00:15]} Kb7
{[%clk 0:00:20]} 25. Bb1 {[%clk 0:00:16]} g5 {[%clk 0:00:18]} 26. Be5
{[%clk 0:00:07]} Nc4 {[%clk 0:00:16]} 27. Bf6 {[%clk 0:00:07]} Qd7
{[%clk 0:00:16]} 28. Bxh7 {[%clk 0:00:08]} Qxh7 {[%clk 0:00:16]} 29. Rb1+
{[%clk 0:00:08]} Ka8 {[%clk 0:00:19]} 30. Qd1 {[%clk 0:00:03]} Nd2
{[%clk 0:00:19]} 31. Qxd2 {[%clk 0:00:04]} Qxb1+ {[%clk 0:00:20]} 32. Rf1
{[%clk 0:00:06]} Qb3 {[%clk 0:00:20]} 33. Nh5 {[%clk 0:00:05]} Qxa4
{[%clk 0:00:20]} 34. Ng7 {[%clk 0:00:06]} Rb8 {[%clk 0:00:20]} 35. Ne6
{[%clk 0:00:07]} Rf7 {[%clk 0:00:18]} 36. Qe2 {[%clk 0:00:06]} Qc4
{[%clk 0:00:15]} 37. Qe5 {[%clk 0:00:07]} Bb6 {[%clk 0:00:15]} 38. Ra1
{[%clk 0:00:07]} Ka7 {[%clk 0:00:09]} 39. Ra3 {[%clk 0:00:06]} Rbb7
{[%clk 0:00:08]} 40. Kh2 {[%clk 0:00:05]} Qf1 {[%clk 0:00:08]} 41. Bd8
{[%clk 0:00:05]} Bxd8 {[%clk 0:00:08]} 42. Nxd8 {[%clk 0:00:06]} Qf4+
{[%clk 0:00:09]} 43. Qxf4 {[%clk 0:00:07]} Rxf4 {[%clk 0:00:10]} 44. Nxb7
{[%clk 0:00:05]} Kxb7 {[%clk 0:00:11]} 45. Rb3+ {[%clk 0:00:06]} Kc7
{[%clk 0:00:12]} 46. Kg3 {[%clk 0:00:07]} Re4 {[%clk 0:00:08]} 47. Kf2
{[%clk 0:00:09]} h5 {[%clk 0:00:09]} 48. Rb1 {[%clk 0:00:08]} Re8
{[%clk 0:00:10]} 49. Kf3 {[%clk 0:00:07]} a5 {[%clk 0:00:11]} 50. h4
{[%clk 0:00:06]} Rf8+ {[%clk 0:00:11]} 51. Kg3 {[%clk 0:00:07]} g4
{[%clk 0:00:12]} 52. Rb2 {[%clk 0:00:06]} Rf7 {[%clk 0:00:04]} 53. Rb1
{[%clk 0:00:07]} Rf6 {[%clk 0:00:05]} 54. Rb2 {[%clk 0:00:09]} Rf8
{[%clk 0:00:06]} 55. Rb1 {[%clk 0:00:10]} Rf7 {[%clk 0:00:07]} 56. Rb2
{[%clk 0:00:12]} Rf1 {[%clk 0:00:07]} 57. Ra2 {[%clk 0:00:07]} Kb6 58. Rb2+
{[%clk 0:00:08]} Ka7 {[%clk 0:00:10]} 59. Re2 {[%clk 0:00:06]} Kb6
{[%clk 0:00:09]} 60. Rb2+ {[%clk 0:00:10]} Ka6 {[%clk 0:00:10]} 61. Rb8
{[%clk 0:00:10]} a4 {[%clk 0:00:10]} 62. Rc8 {[%clk 0:00:08]} Kb5
{[%clk 0:00:10]} 63. Rb8+ {[%clk 0:00:09]} Ka6 {[%clk 0:00:09]} 64. Ra8+
{[%clk 0:00:08]} Kb5 {[%clk 0:00:10]} 65. Rb8+ {[%clk 0:00:10]} Kc4
{[%clk 0:00:11]} 66. Rb4+ {[%clk 0:00:11]} Kxc3 {[%clk 0:00:11]} 67. Rxa4 Rf5
{[%clk 0:00:09]} 68. Ra6 {[%clk 0:00:13]} Rf6 {[%clk 0:00:10]} 69. Ra4
{[%clk 0:00:14]} Kb3 {[%clk 0:00:08]} 70. Ra6 {[%clk 0:00:13]} Kc4
{[%clk 0:00:09]} 71. Ra4+ Kc3 72. Kh2 {[%clk 0:00:13]} Rf4 {[%clk 0:00:08]} 73.
Ra6 {[%clk 0:00:14]} Rf6 {[%clk 0:00:09]} 74. Ra4 {[%clk 0:00:16]} Kd3
{[%clk 0:00:07]} 75. Kg3 {[%clk 0:00:17]} Ke4 {[%clk 0:00:08]} 76. Rb4
{[%clk 0:00:18]} Re6 {[%clk 0:00:07]} 77. Ra4 {[%clk 0:00:17]} Re8
{[%clk 0:00:07]} 78. Ra6 {[%clk 0:00:09]} Rc8 {[%clk 0:00:07]} 79. Ra4
{[%clk 0:00:10]} Rb8 {[%clk 0:00:08]} 80. Kh2 {[%clk 0:00:05]} Rb6
{[%clk 0:00:09]} 81. Kg3 {[%clk 0:00:05]} Rb3+ {[%clk 0:00:10]} 82. Kh2
{[%clk 0:00:06]} Rc3 {[%clk 0:00:11]} 83. Ra8 {[%clk 0:00:04]} Kxd4
{[%clk 0:00:12]} 84. Rh8 c5 {[%clk 0:00:10]} 85. Rxh5 {[%clk 0:00:06]} Re3
{[%clk 0:00:09]} 86. Rg5 {[%clk 0:00:07]} c4 {[%clk 0:00:07]} 87. Rxg4+
{[%clk 0:00:08]} Kd3 {[%clk 0:00:07]} 88. h5 {[%clk 0:00:06]} c3 {[%clk 0:00:09]}
89. h6 {[%clk 0:00:04]} Re8 {[%clk 0:00:04]} 90. h7 {[%clk 0:00:04]} c2
{[%clk 0:00:05]} 91. Rg8 {[%clk 0:00:05]} c1=Q {[%clk 0:00:04]} 92. Rxe8
{[%clk 0:00:06]} Qh6+ {[%clk 0:00:05]} 93. Kg1 {[%clk 0:00:07]} Qxh7
{[%clk 0:00:06]} 94. Re1 {[%clk 0:00:08]} d4 {[%clk 0:00:07]} 95. Rd1+
{[%clk 0:00:09]} Kc3 {[%clk 0:00:09]} 96. Rc1+ {[%clk 0:00:07]} Kd2
{[%clk 0:00:10]} 97. Ra1 {[%clk 0:00:08]} d3 {[%clk 0:00:11]} 98. Ra2+
{[%clk 0:00:09]} Ke3 {[%clk 0:00:12]} 99. Ra6 {[%clk 0:00:09]} Qf7
{[%clk 0:00:12]} 100. Ra1 {[%clk 0:00:09]} d2 {[%clk 0:00:13]} 0-1

[Event "Russian Blitz Team Championship (m)"]
[Site "Sochi"]
[Date "2022.10.17"]
[Round "5.4"]
[White "Rozum, Ivan"]
[Black "Khegay, Dmitriy"]
[Result "1-0"]
[BlackElo "2457"]
[WhiteElo "2428"]
[LiveChessVersion "1.4.8"]

1. b3 {[%clk 0:03:03]} d5 {[%clk 0:02:56]} 2. Bb2 {[%clk 0:03:04]} Bf5
{[%clk 0:02:57]} 3. d3 {[%clk 0:03:05]} Nf6 {[%clk 0:02:57]} 4. Nd2
{[%clk 0:03:05]} e6 {[%clk 0:02:58]} 5. g3 {[%clk 0:03:06]} Be7 {[%clk 0:02:56]}
6. Bg2 {[%clk 0:03:07]} O-O {[%clk 0:02:54]} 7. e4 {[%clk 0:03:08]} Bg6
{[%clk 0:02:56]} 8. Nh3 {[%clk 0:03:09]} dxe4 {[%clk 0:02:50]} 9. dxe4
{[%clk 0:03:07]} Nc6 {[%clk 0:02:51]} 10. Nf4 {[%clk 0:03:07]} e5
{[%clk 0:02:40]} 11. Nxg6 {[%clk 0:03:00]} hxg6 {[%clk 0:02:40]} 12. O-O
{[%clk 0:03:00]} Bc5 {[%clk 0:02:41]} 13. Nc4 {[%clk 0:02:52]} Qe7
{[%clk 0:02:42]} 14. c3 {[%clk 0:02:34]} a5 {[%clk 0:02:42]} 15. a4
{[%clk 0:02:32]} Rad8 {[%clk 0:02:41]} 16. Qe2 {[%clk 0:02:33]} Rd7
{[%clk 0:02:38]} 17. Bh3 {[%clk 0:02:24]} Rdd8 {[%clk 0:02:36]} 18. Rad1
{[%clk 0:02:25]} Rxd1 {[%clk 0:02:28]} 19. Rxd1 {[%clk 0:02:26]} Rd8
{[%clk 0:02:29]} 20. Rxd8+ {[%clk 0:02:26]} Qxd8 {[%clk 0:02:30]} 21. Bg2
{[%clk 0:02:16]} Qd7 {[%clk 0:02:15]} 22. Bf3 {[%clk 0:02:05]} Qe6
{[%clk 0:01:59]} 23. Kg2 {[%clk 0:02:02]} Ne8 {[%clk 0:01:55]} 24. Bg4
{[%clk 0:02:00]} f5 {[%clk 0:01:53]} 25. Bf3 {[%clk 0:02:01]} Nd6
{[%clk 0:01:28]} 26. exf5 {[%clk 0:02:01]} gxf5 {[%clk 0:01:29]} 27. Bxc6
{[%clk 0:02:00]} Nxc4 {[%clk 0:01:07]} 28. Bxb7 {[%clk 0:01:45]} Nd6
{[%clk 0:00:59]} 29. Bc6 {[%clk 0:01:40]} Qxb3 {[%clk 0:00:13]} 30. Qxe5
{[%clk 0:01:40]} Qb6 {[%clk 0:00:14]} 31. Bd5+ {[%clk 0:01:35]} Kf8
{[%clk 0:00:07]} 32. c4 {[%clk 0:01:36]} Ne8 {[%clk 0:00:06]} 33. Qxf5+
{[%clk 0:01:34]} Ke7 {[%clk 0:00:06]} 34. Be5 {[%clk 0:01:17]} Kd8
{[%clk 0:00:06]} 35. h4 {[%clk 0:01:14]} Nf6 {[%clk 0:00:05]} 36. h5
{[%clk 0:01:03]} Nxd5 {[%clk 0:00:05]} 37. cxd5 {[%clk 0:01:04]} Qb3
{[%clk 0:00:06]} 38. Bxg7 {[%clk 0:01:01]} Qxa4 {[%clk 0:00:03]} 39. h6
{[%clk 0:01:02]} 1-0

[Event "Russian Blitz Team Championship (m)"]
[Site "Sochi"]
[Date "2022.10.17"]
[Round "5.5"]
[White "Dreev, Aleksey"]
[Black "Lazavik, Denis"]
[Result "1-0"]
[BlackElo "2437"]
[WhiteElo "2625"]
[LiveChessVersion "1.4.8"]

1. d4 {[%clk 0:03:04]} Nf6 {[%clk 0:03:02]} 2. c4 {[%clk 0:03:04]} e6
{[%clk 0:03:02]} 3. Nc3 {[%clk 0:03:05]} Bb4 {[%clk 0:03:02]} 4. Qc2
{[%clk 0:03:07]} O-O {[%clk 0:02:59]} 5. a3 {[%clk 0:03:08]} Bxc3+
{[%clk 0:02:57]} 6. Qxc3 {[%clk 0:03:09]} d5 {[%clk 0:02:56]} 7. Nf3
{[%clk 0:03:09]} dxc4 {[%clk 0:02:51]} 8. Qxc4 {[%clk 0:03:10]} b6
{[%clk 0:02:51]} 9. Bg5 {[%clk 0:03:10]} Bb7 {[%clk 0:02:43]} 10. Rd1
{[%clk 0:03:00]} Nbd7 {[%clk 0:02:37]} 11. e3 {[%clk 0:03:00]} h6
{[%clk 0:02:27]} 12. Bh4 {[%clk 0:03:00]} Rc8 {[%clk 0:02:12]} 13. Ne5
{[%clk 0:03:00]} Qe7 {[%clk 0:01:51]} 14. Nc6 {[%clk 0:03:01]} Bxc6
{[%clk 0:01:47]} 15. Qxc6 {[%clk 0:03:02]} Qd6 {[%clk 0:01:38]} 16. Qxd6
{[%clk 0:02:56]} cxd6 17. Bd3 Rfd8 {[%clk 0:01:23]} 18. Ke2 {[%clk 0:02:47]} Nb8
{[%clk 0:01:21]} 19. Rc1 {[%clk 0:02:45]} Kf8 {[%clk 0:01:20]} 20. f3
{[%clk 0:02:33]} Ke7 {[%clk 0:01:19]} 21. g4 {[%clk 0:02:32]} a6 {[%clk 0:01:02]}
22. Rc3 {[%clk 0:02:09]} Rxc3 {[%clk 0:00:52]} 23. bxc3 {[%clk 0:02:10]} b5
{[%clk 0:00:49]} 24. a4 {[%clk 0:02:05]} bxa4 {[%clk 0:00:44]} 25. Ra1
{[%clk 0:02:03]} g5 {[%clk 0:00:44]} 26. Be1 {[%clk 0:02:01]} h5 {[%clk 0:00:36]}
27. h4 {[%clk 0:01:40]} hxg4 {[%clk 0:00:35]} 28. hxg5 {[%clk 0:01:41]} gxf3+
{[%clk 0:00:36]} 29. Kxf3 {[%clk 0:01:42]} Nfd7 {[%clk 0:00:31]} 30. Rxa4
{[%clk 0:01:38]} Rh8 {[%clk 0:00:31]} 31. Bg3 {[%clk 0:01:10]} Rh1
{[%clk 0:00:29]} 32. Bxa6 {[%clk 0:01:07]} Rc1 {[%clk 0:00:25]} 33. c4
{[%clk 0:01:02]} Rf1+ {[%clk 0:00:16]} 34. Ke2 {[%clk 0:00:59]} Rg1
{[%clk 0:00:16]} 35. Kf2 {[%clk 0:01:00]} Rc1 {[%clk 0:00:10]} 36. Bb5
{[%clk 0:01:01]} e5 {[%clk 0:00:10]} 37. Ra7 {[%clk 0:01:00]} Kd8
{[%clk 0:00:10]} 38. Kf3 {[%clk 0:00:59]} Rc3 {[%clk 0:00:09]} 39. Be1
{[%clk 0:00:57]} Rc1 {[%clk 0:00:07]} 40. Ba5+ {[%clk 0:00:57]} Ke7
{[%clk 0:00:07]} 41. Bc7 {[%clk 0:00:54]} Ke6 {[%clk 0:00:07]} 42. Rb7
{[%clk 0:00:52]} exd4 {[%clk 0:00:06]} 43. exd4 {[%clk 0:00:53]} Rc3+
{[%clk 0:00:07]} 44. Ke2 {[%clk 0:00:53]} Rg3 {[%clk 0:00:04]} 45. Bxb8
{[%clk 0:00:47]} Nxb8 {[%clk 0:00:06]} 46. Rxb8 {[%clk 0:00:46]} Rxg5
{[%clk 0:00:06]} 47. Re8+ {[%clk 0:00:45]} Kf6 {[%clk 0:00:08]} 48. Kf3
{[%clk 0:00:45]} Rg1 {[%clk 0:00:08]} 49. Ke4 {[%clk 0:00:44]} Rg5
{[%clk 0:00:08]} 50. Rd8 {[%clk 0:00:41]} 1-0